000 00516nam a22001697a 4500
999 _c62536
_d62536
005 20241202174428.0
008 241202s2020 enk||||| |||| 00| 0 eng d
020 _a9781788601399x
041 _aeng
080 _a005.7 :316.46 T-17
100 _aTaylor, Anne
_923844
245 _aSoft Skills Hard Results:
_bA Practical Guide to People Skills for Analytical Leaders /
_c Anne Taylor.
264 _c2020.
300 _a191 p.;
_b22 cm.
653 _aმენეჯმენტი
942 _2udc
_cᲬᲘᲒᲜᲘ